1923 1358 1471 1991 1223 1459 1664 1886 1888 1196 1860 1811 1352 1666 1547 1715 1313 1079 1354 1943 1063 1080 1542 1161 1479 1378 1198 1582 1285 1573 1100 1302 1361 1197 1451 1293 1541 1242 1341 1512 1762 1157 1079 1510 1986 1196 1370 1499 1880 1447 1835 1846 1113 1458 1492 1274 1859 1213 1170 1302 1806 1242 1998 1908 1436 1207 1094 1646 1140 1663 1072 1887 1368 1870 1822 1695 1671 1804 1678 1545 1066 1385 1805 1369 1134 1578 1969 1139 1564 1875 1181 1013 1507 1521 1529 1299 1818 1756 1716 BCNSPRNW ULIB Ver.6.0+V

เปลี่ยนเป็นภาษาไทย

Change to English
 แสดงรายละเอียดบรรณานุกรม
  กลับหน้าหลัก

Brief Record : Get Marc (ISO 2709) : E-mail record : QR code < ปิดหน้าต่าง
LEADER : 00000nam 2200000uu 4500
001    13399126778
003     ULIB
008    190304s2561||||th 000 0 tha d
020    ^a9786164685253
060 04 ^aWK270^bส258ศ
100 0  ^aสมบูรณ์ คีลาวัฒน์
245 10 ^aศัลยพยาธิวิทยาของเนื้องอกต่อมไทรอยด์ = ^bSurgical pathology of thyroid neoplasms /^cสมบูรณ์ คีลาวัฒน์
246 31 ^aSurgical pathology of thyroid neoplasms
250    ^aพิมพ์ครั้งที่ 1
260    ^aกรุงเทพฯ : ^bภาควิชาพยาธิวิทยา คณะแพทยศาสตร์ จุฬาลงกรณ์มหาวิทยาลัย,^c2561
300    ^a241, [5] หน้า : ^bภาพประกอบ
504    ^aบรรณานุกรมท้ายเรื่อง
504    ^aดัชนีท้ายเล่ม
590    ^aGift-T-61
650  7 ^aไทรอยด์, เนื้องอก ^xพยาธิวิทยา
650  7 ^aไทรอยด์, เนื้องอก ^xศัลยกรรม
710 2  ^aจุฬาลงกรณ์มหาวิทยาลัย^bคณะแพทยศาสตร์^bภาควิชาพยาธิวิทยา
945    ^p590^l0^i27223
945    ^p590^l0^i27222
999    ^aกัณชพร จุลอักษร
รายการนี้ยังไม่มีแท็ก
คุณยังไม่ได้ล็อกอิน คุณสามารถมีกิจกรรมร่วมกับเว็บไซต์ได้ แต่ต้องล็อกอินก่อน ::
  ล็อกอิน

รายการสื่อสารสนเทศ

ลำดับที่ ประเภท เลขเรียก/บาร์โค้ด สถานที่ สถานะ
1. หนังสือสำรอง
หนังสือสำรอง
WK270 ส258ศ ฉ.1 
  Barcode: 27222
ห้องสมุดวิทยาเขตนครสวรรค์
►หนังสือทั่วไป:l:General Books
บนชั้น
2. วิทยาศาสตร์การแพทย์ และสุขภาพ
วิทยาศาสตร์การแพทย์ และสุขภาพ
WK270 ส258ศ ฉ.2 
  Barcode: 27223
ห้องสมุดวิทยาเขตนครสวรรค์
►หนังสือทั่วไป:l:General Books
บนชั้น

รายการใกล้เคียง
    ผู้แต่ง [สมบูรณ์ คีลาวัฒน์]

BibComment


ยังไม่เคยถูกคอมเมนท์

คอมเมนท์ทรัพยากรรายการนี้
  คอมเมนท์: ศัลยพยาธิวิทยาขอ..


 Copyright 2026. Bcnsprnw @Library